University Home | Library Home | Institutional Repository

Amebiasis ; pathology, diagnosis and chemotherapy / (Record no. 55027)

MARC details
000 -LEADER
fixed length control field 00684cam0a220020500 4500
001 - CONTROL NUMBER
control field qce01153597
005 - DATE AND TIME OF LATEST TRANSACTION
control field 20190814131602.0
008 - FIXED-LENGTH DATA ELEMENTS--GENERAL INFORMATION
fixed length control field 810815s1953 iluac 000 0 eng d
035 ## - SYSTEM CONTROL NUMBER
System control number (Sirsi) r67370
035 ## - SYSTEM CONTROL NUMBER
System control number (QCAT)lss04956047
035 ## - SYSTEM CONTROL NUMBER
System control number (UPRA)qce01153597
040 ## - CATALOGING SOURCE
Modifying agency UPRA
060 0# - NATIONAL LIBRARY OF MEDICINE CALL NUMBER
Classification number WC 285
Item number A546a 1953
100 1# - MAIN ENTRY--PERSONAL NAME
Personal name Anderson, Hamilton Holland, 1902-
Dates associated with a name Anderson, Hamilton Holland, 1902-
Linkage A28062.1
245 10 - TITLE STATEMENT
Title Amebiasis ; pathology, diagnosis and chemotherapy /
Statement of responsibility, etc. by Hamilton H. Anderson [and others].
260 ## - PUBLICATION, DISTRIBUTION, ETC.
Place of publication, distribution, etc. Springfield, IL :
Name of publisher, distributor, etc. Thomas,
Date of publication, distribution, etc. [c1953]
650 #2 - SUBJECT ADDED ENTRY--TOPICAL TERM
Topical term or geographic name entry element Amebiasis.
Linkage S20218.1
949 ## - LOCAL PROCESSING INFORMATION (OCLC)
a RC121
w LC
i -90278
m MEDICAL
t BOOK
l ON-SHELF

No items available.

© 2026 - The University of Zambia Library - Koha v25.11